Intimate Diversity : An Anglican Practical Theology of Interreligious Marriage /
In Intimate Diversity Paul Smith explores theological implications of interreligious marriage. Taking a practical theology approach which begins with lived experience and works through a pastoral cycle involving interpretation, normative discussion and a pragmatic outcome, the book challenges the Ch...
المؤلف الرئيسي:
التنسيق: كتاب الكتروني
اللغة: English
منشور في:
Leiden; Boston :
BRILL,
2021.
سلاسل:
Theology and Mission in World Christianity ;
20.
Religious Studies, Theology and Philosophy E-Books Online, Collection 2021, ISBN: 9789004441309.
الموضوعات:
الوصول للمادة أونلاين: Login to view Source
الوسوم: إضافة وسم
رقم الطلب: BR21
| LEADER | 02724nam a22004571i 4500 | ||
|---|---|---|---|
| 001 | BRILL9789004460324 | ||
| 003 | nllekb | ||
| 005 | 20210602101841.0 | ||
| 006 | m d | ||
| 007 | cr un uuuua | ||
| 008 | 200716s2021 ne sb 001 0 eng d | ||
| 020 | |a 9789004460324 |q (electronic book) | ||
| 020 | |a 9789004460317 |q (print) | ||
| 024 | 7 | |a 10.1163/9789004460324 |2 DOI | |
| 040 | |a NL-LeKB |c NL-LeKB |e rda | ||
| 050 | 4 | |a BR21 | |
| 072 | 7 | |a HRCX7 |2 bicssc | |
| 072 | 7 | |a REL |x 045000 |2 bisacsh | |
| 072 | 7 | |a REL |x 030000 |2 bisacsh | |
| 082 | 0 | 4 | |a 220.6 |2 23 |
| 100 | 1 | |a Smith, Paul Aidan, |e author. | |
| 245 | 1 | 0 | |a Intimate Diversity : |b An Anglican Practical Theology of Interreligious Marriage / |c Paul Aidan Smith. |
| 246 | 3 | |a An Anglican Practical Theology of Interreligious Marriage | |
| 264 | 1 | |a Leiden; |a Boston : |b BRILL, |c 2021. | |
| 300 | |a 1 online resource. | ||
| 336 | |a text |b txt |2 rdacontent | ||
| 337 | |a computer |b c |2 rdamedia | ||
| 338 | |a online resource |2 rdacarrier | ||
| 490 | 1 | |a Theology and Mission in World Christianity ; |v 20 | |
| 490 | 1 | |a Religious Studies, Theology and Philosophy E-Books Online, Collection 2021, ISBN: 9789004441309 | |
| 504 | |a Includes bibliographical references and index. | ||
| 520 | |a In Intimate Diversity Paul Smith explores theological implications of interreligious marriage. Taking a practical theology approach which begins with lived experience and works through a pastoral cycle involving interpretation, normative discussion and a pragmatic outcome, the book challenges the Church of England (or other denominations) fulfil three tasks: theological, pastoral and missional. Paul Smith accepts the reality of marriage that involves couples from different religious traditions and proposes ways of justifying such marriage based on normative Christian traditions. He takes a broadly missional approach, advocating the positive role that the Church of England can play in fostering good interreligious relations in society whilst offering sympathetic pastoral support of couples who marry across religious divides. | ||
| 588 | |a Description based on print version record. | ||
| 650 | 0 | |a Biblical interpretation. | |
| 776 | 0 | 8 | |i Print version: |t Intimate Diversity : An Anglican Practical Theology of Interreligious Marriage, |d Leiden ; Boston : BRILL, 2021 |z 9789004460317 |
| 830 | 0 | |a Theology and Mission in World Christianity ; |v 20. | |
| 830 | 0 | |a Religious Studies, Theology and Philosophy E-Books Online, Collection 2021, ISBN: 9789004441309. | |
| 856 | 4 | |z DOI: |u http://dx.doi.org/10.1163/9789004460324 | |
| 942 | |c EBOOK | ||
| 952 | |0 0 |1 0 |4 0 |7 1 |9 14722 |a BRILL |b BRILL |d 2021-06-02 |l 0 |r 2021-06-02 00:00:00 |w 2021-06-02 |y EBOOK | ||
| 999 | |c 36171 |d 36171 | ||
